000 00315nam a2200133Ia 4500
005 20260328101440.0
008 260328s9999||||xx |||||||||||||| ||und||
100 _aNasi, Vicente
245 0 _aContinuidad = Continuity /
_cVicente Nasi
260 _bEscala
300 _a123 p.
650 _aARQUITECTOS
942 _cBK
999 _c8229
_d8229